Harry Potter and the prisoner of Azkaban / (Record no. 10697)
[ view plain ]
| 000 -LEADER | |
|---|---|
| fixed length control field | 01303nam a2200289 a 4500 |
| 001 - CONTROL NUMBER | |
| JCCL Control Number | 10697 |
| 003 - CONTROL NUMBER IDENTIFIER | |
| JCCL marc code | BD-JhCC |
| 005 - DATE AND TIME OF LATEST TRANSACTION | |
| control field | 20221025134022.0 |
| 008 - FIXED-LENGTH DATA ELEMENTS--GENERAL INFORMATION | |
| fixed length control field | 130212p20142004enk287 g s vleng d |
| 020 ## - INTERNATIONAL STANDARD BOOK NUMBER | |
| International Standard Book Number | 9781408855676 |
| 035 ## - SYSTEM CONTROL NUMBER | |
| system control number | (BD-JhCC)10697 |
| 040 ## - CATALOGING SOURCE | |
| Original cataloging agency | UkOxU |
| Transcribing agency | UkOxU |
| Modifying agency | BD-JhCC |
| 041 1# - LANGUAGE CODE | |
| Language code of Book | eng |
| Language code of original and/or intermediate translations of text | eng |
| 082 ## - DEWEY DECIMAL CLASSIFICATION NUMBER | |
| Classification number | 823.914 |
| Author mark and Year | ROW 2014 |
| 100 ## - MAIN ENTRY--PERSONAL NAME | |
| Personal name | Rowling, J.K. |
| 245 00 - TITLE STATEMENT | |
| Title | Harry Potter and the prisoner of Azkaban / |
| Statement of responsibility, etc | J.K. Rowling |
| 246 3# - VARYING FORM OF TITLE | |
| Title proper/short title | Harry Potter and the goblet of fire |
| 260 ## - PUBLICATION, DISTRIBUTION, ETC. (IMPRINT) | |
| Place of publication, distribution, etc | [London] : |
| Name of publisher, distributor, etc | Warner Home Video, |
| Date of publication, distribution, etc | 2014. |
| 300 ## - PHYSICAL DESCRIPTION | |
| Pagination | 460p. : |
| Dimensions | 21 cm. |
| 520 ## - SUMMARY, ETC. | |
| Summary, etc | In their third year at Hogwarts Harry, Ron and Hermione meet escaped prisoner Sirius Black. Harry must withstand soul-sucking Dementors, outsmart a werewolf and deal with the truth about Sirius and his relationship to Harry and his parents. Returning for his fourth year, Harry is entered into the Triwizard Tournament, a contest among three wizarding schools. Lord Voldemort has returned and Harry and his friends must face unimaginable challenges. |
| 600 10 - SUBJECT ADDED ENTRY--PERSONAL NAME | |
| Personal name | Potter, Harry |
| Titles and other words associated with a name | (Fictitious character) |
| 650 #0 - SUBJECT ADDED ENTRY--TOPICAL TERM | |
| Topical term or geographic name as entry element | Hogwarts School of Witchcraft and Wizardry (Imaginary organization) |
| 650 #0 - SUBJECT ADDED ENTRY--TOPICAL TERM | |
| Topical term or geographic name as entry element | Wizards |
| Form subdivision | Fiction. |
| 650 #0 - SUBJECT ADDED ENTRY--TOPICAL TERM | |
| Topical term or geographic name as entry element | Magic |
| Form subdivision | Fiction. |
| 650 #0 - SUBJECT ADDED ENTRY--TOPICAL TERM | |
| Topical term or geographic name as entry element | Fantasy. |
| 942 ## - ADDED ENTRY ELEMENTS (KOHA) | |
| Source of classification or shelving scheme | Dewey Decimal Classification |
| Koha item type | Books |
| Koha issues (borrowed), all copies | 19 |
| Source of classification or shelving scheme | Damaged status | Not for loan | Home library | Current library | Shelving location | Date of accession | Cost, normal purchase price | Total Checkouts | Full call number | Barcode | Date last seen | Date checked out | Copy number | Koha item type |
|---|---|---|---|---|---|---|---|---|---|---|---|---|---|---|
| Dewey Decimal Classification | JCC Rouf Library | JCC Rouf Library | General Stacks | 08/09/2018 | 7.99 | 21 | 823.914 ROW 2014 | 14436 | 07/23/2025 | 07/16/2025 | C-1 | Books |